| 000 -LEADER |
| fixed length control field |
01096nam a2200265Ia 4500 |
| 001 - CONTROL NUMBER |
| control field |
20724 |
| 003 - CONTROL NUMBER IDENTIFIER |
| control field |
GE_BSU |
| 005 - DATE AND TIME OF LATEST TRANSACTION |
| control field |
20221110151321.0 |
| 008 - FIXED-LENGTH DATA ELEMENTS--GENERAL INFORMATION |
| fixed length control field |
181216s2015||||xx |||||||||||||| ||eng|| |
| 020 ## - INTERNATIONAL STANDARD BOOK NUMBER |
| International Standard Book Number |
9780199672646x |
| 040 ## - CATALOGING SOURCE |
| Transcribing agency |
GE_BSU |
| 041 ## - LANGUAGE CODE |
| Language code of text/sound track or separate title |
eng |
| 080 ## - UNIVERSAL DECIMAL CLASSIFICATION NUMBER |
| Universal Decimal Classification number |
349(4) T-44 |
| 245 #4 - TITLE STATEMENT |
| Title |
The Oxford Handbook of European Union Law / |
| Statement of responsibility, etc. |
Edited by Anthony Arnull and Damian Chalmers. |
| 264 ## - PRODUCTION, PUBLICATION, DISTRIBUTION, MANUFACTURE, AND COPYRIGHT NOTICE |
| Place of production, publication, distribution, manufacture |
Oxford : |
| Name of producer, publisher, distributor, manufacturer |
Oxford University Press, |
| Date of production, publication, distribution, manufacture, or copyright notice |
2015. |
| 300 ## - PHYSICAL DESCRIPTION |
| Extent |
1051 p. ; |
| Dimensions |
25 cm. |
| 500 ## - GENERAL NOTE |
| General note |
Bibl. : p.1014 ; Index : p.1015-1051 |
| 653 ## - INDEX TERM--UNCONTROLLED |
| keyword |
The Oxford Handbook of European Union Law |
| 653 ## - INDEX TERM--UNCONTROLLED |
| keyword |
Оксфордское руководство по законодательству Европейского союза |
| 653 ## - INDEX TERM--UNCONTROLLED |
| keyword |
ევროკავშირის კანონმდებლობის ოქსფორდის სახელმძღვანელო |
| 653 ## - INDEX TERM--UNCONTROLLED |
| keyword |
სამართალი |
| 700 ## - ADDED ENTRY--PERSONAL NAME |
| Personal name |
Arnull, Anthony |
| Relator term |
რედაქტორი |
| 9 (RLIN) |
10384 |
| 700 ## - ADDED ENTRY--PERSONAL NAME |
| Personal name |
Chalmers, Damian |
| Relator term |
რედაქტორი |
| 9 (RLIN) |
9684 |
| 942 ## - ADDED ENTRY ELEMENTS (KOHA) |
| Koha item type |
წიგნი |
| Source of classification or shelving scheme |
|